| 000 | 00481nam a2200145Ia 4500 | ||
|---|---|---|---|
| 008 | 170224s9999 xx 000 0 und d | ||
| 100 | _aSinead Duane | ||
| 245 | _aFrom restricted to complex exchange and beyond: social marketing’s change agenda | ||
| 245 | _cSinead Duane, Christine Domegan, Patricia McHugh & Michelle Devaney | ||
| 260 | _bJournal of Marketing Management | ||
| 260 | _c2016 | ||
| 300 | _a32:9-10,Pages: 856-876 | ||
| 500 | _aAugust | ||
| 650 | _xMarketing. | ||
| 999 |
_c315939 _d315939 |
||